00262nam a2200109Ia 4500100001100000654001500011245002800026260006100054082001800115300000700133546001200140 aAICTE  aErgonomics aErgonomics CO-NO : 264 bContinuing Education Programmer AICTEaBangalorec1993 a620.82bAICTE a81 aENGLISH